00700nam a2200193 a 4500090001400000041000800014100003000022245015500052260005000207300000800257650003800265650002900303650002300332650003700355650003400392662003700426700002800463999001500491 aLBb01980 aspa aSalamanca, Bibiana992278 aProtocolo distrital de restauración ecológicabguía para la restauración de ecosistemas nativos en las áreas rurales de Santa fe de Bogotá aBogotábDAMAbFundación Bachaquerosc2000 a288 aRestauración ecológica992279 aGuías técnicas94190 aEcosistemas992256 aEspecies dinamogenéticas97580 aClaves dendrológicas933103 aColombiadBogotábCundinamarca aCamargo, Germán97584 c2148d2148